| Registos Bibliográficos associados ao registo de autoridade |
|
Etiqueta de registo: 00254nam 2200025 450 001 2285954 003 http://id.bnportugal.gov.pt/bib/catbnp/2285954 010 ## $a978-989-8053-44-2 021 ## $aPT$b554757/25 100 ## $a20260507d2025 k d0pory01030103ba 101 0# $apor$aeng$aspa$deng 102 ## $aPT 105 ## $aa z 000yy 106 ## $ar 200 1# $a ( Re)interpretações do património conventual feminino$eespaços, memórias e reutilizações$dRe-interpreting female conventual heritage$espace, memories, and reuse$fSeminário Internacional$gdir. Catarina Almeida Marado... [et al.]$gcomissão científica Eduardo Mosquera Adell... [et al.]$gtextos Andreia Fidalgo... [et al.]$zeng 210 #9 $aLagoa [etc.]$cMunicípio de Lagoa - Divisão de Cultura [etc.],$d2025 215 ## $a222 p.$cil.$d24 cm 510 1# $aRe-interpreting female conventual heritage$espace, memories, and reuse$zeng 701 #1 $aFidalgo,$bAndreia,$f1986-$4070$31466695 702 #1 $aMarado,$bCatarina Almeida$4300$31232626 702 #1 $aAdell,$bEduardo Mosquera$4695$31497221 710 12 $aSeminário Internacional "Novos Olhares Sobre a Arquitetura e o Património Conventual
Feminino",$eLagoa,$f2024$31997896 801 #0 $aPT$bBN$gRPC 966 ## $lBN$mFGMON$x1 966 ## $lBN$mFGMON$x1 971 ## $cssilva$d20260507
|
|
|